Normal view
MARC view
Entry Topical Term
001 - CONTROL NUMBER
- control field: 5367
003 - CONTROL NUMBER IDENTIFIER
- control field: dpl
005 - DATE AND TIME OF LATEST TRANSACTION
- control field: 20100803153533.0
008 - FIXED-LENGTH DATA ELEMENTS
- fixed length control field: 100803|||a|||||| | ||| d
040 ## - CATALOGING SOURCE
- Original cataloging agency: dpl
- Transcribing agency: dpl
150 ## - HEADING--TOPICAL TERM
- Topical term or geographic name as entry element: Internal security
670 ## - SOURCE DATA FOUND
- Source citation: Work cat.: (dpl)39017: Kaushal, Sarita 5366, Security and everyday life /, 2011
670 ## - SOURCE DATA FOUND
- Source citation: Work cat.: (dpl)39017: Kaushal, Sarita 5366, Security and everyday life /, 2011
